[Event "Ruhrgebiet VK3 0708"]
[White "Diebig, Klaus"]
[Black "Knaetsch, Patrick"]
[Site "Germany"]
[Round "3.7"]
[Result "1/2-1/2"]
[Date "2007.11.18"]
[WhiteElo "1725"]
[BlackElo "1780"]
[PlyCount "37"]
[EventDate "2007.09.16"]
[EventType "team-tourn"]
[EventRounds "9"]
[EventCountry "GER"]
[SourceTitle "EXT 2009"]
[Source "ChessBase"]
[SourceDate "2008.11.26"]
[SourceVersion "1"]
[SourceVersionDate "2008.11.26"]
[SourceQuality "1"]
[WhiteTeam "RE Sued"]
[BlackTeam "Oberhausen III"]
[WhiteTeamCountry "GER"]
[BlackTeamCountry "GER"]

1. d4 d5 2. c4 c6 3. Nc3 Nf6 4. Nf3 Qb6 5. cxd5 Nxd5 6. Nxd5 cxd5 7. e3 e6 8. Bd3 Nc6 9. 0-0 Bd6 10. a3 Bd7 11. Qe2 a6 12. b4 Na7 13. Bd2 Bb5 14. Rfc1 Bxd3 15. Qxd3 Qb5 16. Qb3 0-0 17. Rc2 Rac8 18. Rac1 Qd7 19. Kf1 1/2-1/2